<?xml version="1.0" encoding="UTF-8"?>
<collection xmlns="http://www.loc.gov/MARC21/slim">
 <record>
  <leader>09181nas a22011411  4500</leader>
  <controlfield tag="001">1/50358</controlfield>
  <controlfield tag="008">031022c19  9999enkmrzp           a0eng d</controlfield>
  <datafield tag="022" ind1=" " ind2=" ">
   <subfield code="a">0957-5537</subfield>
  </datafield>
  <datafield tag="035" ind1=" " ind2=" ">
   <subfield code="l">24404</subfield>
  </datafield>
  <datafield tag="040" ind1=" " ind2=" ">
   <subfield code="a">DLC</subfield>
   <subfield code="b">GR-PeUP</subfield>
  </datafield>
  <datafield tag="090" ind1=" " ind2=" ">
   <subfield code="a">Αλφαβητική σειρά</subfield>
  </datafield>
  <datafield tag="245" ind1="0" ind2="0">
   <subfield code="a">Warship technology</subfield>
  </datafield>
  <datafield tag="260" ind1=" " ind2=" ">
   <subfield code="a">London :</subfield>
   <subfield code="b">Royal Institution of Naval Architect,</subfield>
   <subfield code="c">19</subfield>
  </datafield>
  <datafield tag="300" ind1=" " ind2=" ">
   <subfield code="a">v. ;</subfield>
   <subfield code="c">29 cm.</subfield>
  </datafield>
  <datafield tag="310" ind1=" " ind2=" ">
   <subfield code="a">Bimonthly</subfield>
  </datafield>
  <datafield tag="362" ind1="0" ind2=" ">
   <subfield code="a">No.1(Jan. 1999)-no.5(Oct. 1999)</subfield>
  </datafield>
  <datafield tag="362" ind1="0" ind2=" ">
   <subfield code="a">(January 2003)-</subfield>
  </datafield>
  <datafield tag="525" ind1=" " ind2=" ">
   <subfield code="a">Supplement to &quot;The Naval Architect&quot;</subfield>
  </datafield>
  <datafield tag="546" ind1=" " ind2=" ">
   <subfield code="a">English</subfield>
  </datafield>
  <datafield tag="650" ind1=" " ind2="4">
   <subfield code="a">Naval architecture</subfield>
   <subfield code="v">Periodicals.</subfield>
  </datafield>
  <datafield tag="852" ind1=" " ind2=" ">
   <subfield code="a">INST</subfield>
   <subfield code="b">UNIPILB</subfield>
   <subfield code="c">SERIALS</subfield>
   <subfield code="e">20041220</subfield>
   <subfield code="h">Αλφαβητική σειρά</subfield>
   <subfield code="p">38539</subfield>
   <subfield code="q">38539</subfield>
   <subfield code="t">NOLOAN</subfield>
   <subfield code="v">(Μήνας)January;(Έτος)2003:</subfield>
   <subfield code="y">23</subfield>
  </datafield>
  <datafield tag="852" ind1=" " ind2=" ">
   <subfield code="a">INST</subfield>
   <subfield code="b">UNIPILB</subfield>
   <subfield code="c">SERIALS</subfield>
   <subfield code="e">20041220</subfield>
   <subfield code="h">Αλφαβητική σειρά</subfield>
   <subfield code="p">38540</subfield>
   <subfield code="q">38540</subfield>
   <subfield code="t">NOLOAN</subfield>
   <subfield code="v">(Μήνας)March;(Έτος)2003:</subfield>
   <subfield code="y">23</subfield>
  </datafield>
  <datafield tag="852" ind1=" " ind2=" ">
   <subfield code="a">INST</subfield>
   <subfield code="b">UNIPILB</subfield>
   <subfield code="c">SERIALS</subfield>
   <subfield code="e">20041220</subfield>
   <subfield code="h">Αλφαβητική σειρά</subfield>
   <subfield code="p">38541</subfield>
   <subfield code="q">38541</subfield>
   <subfield code="t">NOLOAN</subfield>
   <subfield code="v">(Μήνας)May;(Έτος)2003:</subfield>
   <subfield code="y">23</subfield>
  </datafield>
  <datafield tag="852" ind1=" " ind2=" ">
   <subfield code="a">INST</subfield>
   <subfield code="b">UNIPILB</subfield>
   <subfield code="c">SERIALS</subfield>
   <subfield code="e">20041220</subfield>
   <subfield code="h">Αλφαβητική σειρά</subfield>
   <subfield code="p">38542</subfield>
   <subfield code="q">38542</subfield>
   <subfield code="t">NOLOAN</subfield>
   <subfield code="v">(Μήνες)Jul.-Aug.;(Έτος)2003:</subfield>
   <subfield code="y">23</subfield>
  </datafield>
  <datafield tag="852" ind1=" " ind2=" ">
   <subfield code="a">INST</subfield>
   <subfield code="b">UNIPILB</subfield>
   <subfield code="c">SERIALS</subfield>
   <subfield code="e">20041220</subfield>
   <subfield code="h">Αλφαβητική σειρά</subfield>
   <subfield code="p">38543</subfield>
   <subfield code="q">38543</subfield>
   <subfield code="t">NOLOAN</subfield>
   <subfield code="v">(Μήνας)October;(Έτος)2003:</subfield>
   <subfield code="y">23</subfield>
  </datafield>
  <datafield tag="852" ind1=" " ind2=" ">
   <subfield code="a">INST</subfield>
   <subfield code="b">UNIPILB</subfield>
   <subfield code="c">SERIALS</subfield>
   <subfield code="e">20050118</subfield>
   <subfield code="h">Αλφαβητική σειρά</subfield>
   <subfield code="p">39042</subfield>
   <subfield code="q">39042</subfield>
   <subfield code="t">NOLOAN</subfield>
   <subfield code="v">(Μήνας)January;(Έτος)2004:</subfield>
   <subfield code="y">23</subfield>
  </datafield>
  <datafield tag="852" ind1=" " ind2=" ">
   <subfield code="a">INST</subfield>
   <subfield code="b">UNIPILB</subfield>
   <subfield code="c">SERIALS</subfield>
   <subfield code="e">20050118</subfield>
   <subfield code="h">Αλφαβητική σειρά</subfield>
   <subfield code="p">39043</subfield>
   <subfield code="q">39043</subfield>
   <subfield code="t">NOLOAN</subfield>
   <subfield code="v">(Μήνας)March;(Έτος)2004:</subfield>
   <subfield code="y">23</subfield>
  </datafield>
  <datafield tag="852" ind1=" " ind2=" ">
   <subfield code="a">INST</subfield>
   <subfield code="b">UNIPILB</subfield>
   <subfield code="c">SERIALS</subfield>
   <subfield code="e">20050118</subfield>
   <subfield code="h">Αλφαβητική σειρά</subfield>
   <subfield code="p">39044</subfield>
   <subfield code="q">39044</subfield>
   <subfield code="t">NOLOAN</subfield>
   <subfield code="v">(Μήνας)May;(Έτος)2004:</subfield>
   <subfield code="y">23</subfield>
  </datafield>
  <datafield tag="852" ind1=" " ind2=" ">
   <subfield code="a">INST</subfield>
   <subfield code="b">UNIPILB</subfield>
   <subfield code="c">SERIALS</subfield>
   <subfield code="e">20050118</subfield>
   <subfield code="h">Αλφαβητική σειρά</subfield>
   <subfield code="p">39045</subfield>
   <subfield code="q">39045</subfield>
   <subfield code="t">NOLOAN</subfield>
   <subfield code="v">(Μήνες)Jul.-Aug.;(Έτος)2004:</subfield>
   <subfield code="y">23</subfield>
  </datafield>
  <datafield tag="852" ind1=" " ind2=" ">
   <subfield code="a">INST</subfield>
   <subfield code="b">UNIPILB</subfield>
   <subfield code="c">SERIALS</subfield>
   <subfield code="e">20050118</subfield>
   <subfield code="h">Αλφαβητική σειρά</subfield>
   <subfield code="p">39046</subfield>
   <subfield code="q">39046</subfield>
   <subfield code="t">NOLOAN</subfield>
   <subfield code="v">(Μήνας)October;(Έτος)2004:</subfield>
   <subfield code="y">23</subfield>
  </datafield>
  <datafield tag="852" ind1=" " ind2=" ">
   <subfield code="a">INST</subfield>
   <subfield code="b">UNIPILB</subfield>
   <subfield code="c">SERIALS</subfield>
   <subfield code="e">20060120</subfield>
   <subfield code="h">Αλφαβητική σειρά</subfield>
   <subfield code="p">49798</subfield>
   <subfield code="q">49798</subfield>
   <subfield code="t">NOLOAN</subfield>
   <subfield code="v">(Μήνας)January;(Έτος)2005:</subfield>
   <subfield code="y">23</subfield>
  </datafield>
  <datafield tag="852" ind1=" " ind2=" ">
   <subfield code="a">INST</subfield>
   <subfield code="b">UNIPILB</subfield>
   <subfield code="c">SERIALS</subfield>
   <subfield code="e">20060120</subfield>
   <subfield code="h">Αλφαβητική σειρά</subfield>
   <subfield code="p">49799</subfield>
   <subfield code="q">49799</subfield>
   <subfield code="t">NOLOAN</subfield>
   <subfield code="v">(Μήνας)March;(Έτος)2005:</subfield>
   <subfield code="y">23</subfield>
  </datafield>
  <datafield tag="852" ind1=" " ind2=" ">
   <subfield code="a">INST</subfield>
   <subfield code="b">UNIPILB</subfield>
   <subfield code="c">SERIALS</subfield>
   <subfield code="e">20060120</subfield>
   <subfield code="h">Αλφαβητική σειρά</subfield>
   <subfield code="p">49800</subfield>
   <subfield code="q">49800</subfield>
   <subfield code="t">NOLOAN</subfield>
   <subfield code="v">(Μήνας)May;(Έτος)2005:</subfield>
   <subfield code="y">23</subfield>
  </datafield>
  <datafield tag="852" ind1=" " ind2=" ">
   <subfield code="a">INST</subfield>
   <subfield code="b">UNIPILB</subfield>
   <subfield code="c">SERIALS</subfield>
   <subfield code="e">20060120</subfield>
   <subfield code="h">Αλφαβητική σειρά</subfield>
   <subfield code="p">49801</subfield>
   <subfield code="q">49801</subfield>
   <subfield code="t">NOLOAN</subfield>
   <subfield code="v">(Μήνες)Jul.-Aug.;(Έτος)2005:</subfield>
   <subfield code="y">23</subfield>
  </datafield>
  <datafield tag="852" ind1=" " ind2=" ">
   <subfield code="a">INST</subfield>
   <subfield code="b">UNIPILB</subfield>
   <subfield code="c">SERIALS</subfield>
   <subfield code="e">20060120</subfield>
   <subfield code="h">Αλφαβητική σειρά</subfield>
   <subfield code="p">49802</subfield>
   <subfield code="q">49802</subfield>
   <subfield code="t">NOLOAN</subfield>
   <subfield code="v">(Μήνας)October;(Έτος)2005:</subfield>
   <subfield code="y">23</subfield>
  </datafield>
  <datafield tag="852" ind1=" " ind2=" ">
   <subfield code="a">INST</subfield>
   <subfield code="b">UNIPILB</subfield>
   <subfield code="c">SERIALS</subfield>
   <subfield code="e">20070913</subfield>
   <subfield code="h">Αλφαβητική σειρά</subfield>
   <subfield code="p">57049</subfield>
   <subfield code="q">57049</subfield>
   <subfield code="t">NOLOAN</subfield>
   <subfield code="v">(Μήνας)January;(Έτος)2006:</subfield>
   <subfield code="y">23</subfield>
  </datafield>
  <datafield tag="852" ind1=" " ind2=" ">
   <subfield code="a">INST</subfield>
   <subfield code="b">UNIPILB</subfield>
   <subfield code="c">SERIALS</subfield>
   <subfield code="e">20070913</subfield>
   <subfield code="h">Αλφαβητική σειρά</subfield>
   <subfield code="p">57050</subfield>
   <subfield code="q">57050</subfield>
   <subfield code="t">NOLOAN</subfield>
   <subfield code="v">(Μήνας)March;(Έτος)2006:</subfield>
   <subfield code="y">23</subfield>
  </datafield>
  <datafield tag="852" ind1=" " ind2=" ">
   <subfield code="a">INST</subfield>
   <subfield code="b">UNIPILB</subfield>
   <subfield code="c">SERIALS</subfield>
   <subfield code="e">20070913</subfield>
   <subfield code="h">Αλφαβητική σειρά</subfield>
   <subfield code="p">57051</subfield>
   <subfield code="q">57051</subfield>
   <subfield code="t">NOLOAN</subfield>
   <subfield code="v">(Μήνας)May;(Έτος)2006:</subfield>
   <subfield code="y">23</subfield>
  </datafield>
  <datafield tag="852" ind1=" " ind2=" ">
   <subfield code="a">INST</subfield>
   <subfield code="b">UNIPILB</subfield>
   <subfield code="c">SERIALS</subfield>
   <subfield code="e">20070913</subfield>
   <subfield code="h">Αλφαβητική σειρά</subfield>
   <subfield code="p">57052</subfield>
   <subfield code="q">57052</subfield>
   <subfield code="t">NOLOAN</subfield>
   <subfield code="v">(Μήνες)Jul.-Aug.;(Έτος)2006:</subfield>
   <subfield code="y">23</subfield>
  </datafield>
  <datafield tag="852" ind1=" " ind2=" ">
   <subfield code="a">INST</subfield>
   <subfield code="b">UNIPILB</subfield>
   <subfield code="c">SERIALS</subfield>
   <subfield code="e">20070913</subfield>
   <subfield code="h">Αλφαβητική σειρά</subfield>
   <subfield code="p">57053</subfield>
   <subfield code="q">57053</subfield>
   <subfield code="t">NOLOAN</subfield>
   <subfield code="v">(Μήνας)October;(Έτος)2006:</subfield>
   <subfield code="y">23</subfield>
  </datafield>
  <datafield tag="852" ind1=" " ind2=" ">
   <subfield code="a">INST</subfield>
   <subfield code="b">UNIPILB</subfield>
   <subfield code="c">SERIALS</subfield>
   <subfield code="e">20070919</subfield>
   <subfield code="h">Αλφαβητική σειρά</subfield>
   <subfield code="p">57353</subfield>
   <subfield code="q">57353</subfield>
   <subfield code="t">NOLOAN</subfield>
   <subfield code="v">(Μήνες)Jul.-Aug.;(Έτος)2007:</subfield>
   <subfield code="y">23</subfield>
  </datafield>
  <datafield tag="852" ind1=" " ind2=" ">
   <subfield code="a">INST</subfield>
   <subfield code="b">UNIPILB</subfield>
   <subfield code="c">SERIALS</subfield>
   <subfield code="e">20071203</subfield>
   <subfield code="h">Αλφαβητική σειρά</subfield>
   <subfield code="p">58760</subfield>
   <subfield code="q">58760</subfield>
   <subfield code="t">NOLOAN</subfield>
   <subfield code="v">(Μήνας)May;(Έτος)2007:</subfield>
   <subfield code="y">23</subfield>
  </datafield>
  <datafield tag="852" ind1=" " ind2=" ">
   <subfield code="a">INST</subfield>
   <subfield code="b">UNIPILB</subfield>
   <subfield code="c">SERIALS</subfield>
   <subfield code="e">20071203</subfield>
   <subfield code="h">Αλφαβητική σειρά</subfield>
   <subfield code="p">58761</subfield>
   <subfield code="q">58761</subfield>
   <subfield code="t">NOLOAN</subfield>
   <subfield code="v">(Μήνας)October;(Έτος)2007:</subfield>
   <subfield code="y">23</subfield>
  </datafield>
  <datafield tag="852" ind1=" " ind2=" ">
   <subfield code="a">INST</subfield>
   <subfield code="b">UNIPILB</subfield>
   <subfield code="c">SERIALS</subfield>
   <subfield code="e">20071203</subfield>
   <subfield code="h">Αλφαβητική σειρά</subfield>
   <subfield code="p">58773</subfield>
   <subfield code="q">58773</subfield>
   <subfield code="t">NOLOAN</subfield>
   <subfield code="v">(Μήνας)January;(Έτος)2007:</subfield>
   <subfield code="y">23</subfield>
  </datafield>
  <datafield tag="852" ind1=" " ind2=" ">
   <subfield code="a">INST</subfield>
   <subfield code="b">UNIPILB</subfield>
   <subfield code="c">SERIALS</subfield>
   <subfield code="e">20071203</subfield>
   <subfield code="h">Αλφαβητική σειρά</subfield>
   <subfield code="p">58774</subfield>
   <subfield code="q">58774</subfield>
   <subfield code="t">NOLOAN</subfield>
   <subfield code="v">(Μήνας)March;(Έτος)2007:</subfield>
   <subfield code="y">23</subfield>
  </datafield>
  <datafield tag="852" ind1=" " ind2=" ">
   <subfield code="a">INST</subfield>
   <subfield code="b">UNIPILB</subfield>
   <subfield code="c">SERIALS</subfield>
   <subfield code="e">20091102</subfield>
   <subfield code="h">Αλφαβητική σειρά</subfield>
   <subfield code="p">65180</subfield>
   <subfield code="q">65180</subfield>
   <subfield code="t">NOLOAN</subfield>
   <subfield code="v">(Μήνας)March;(Έτος)2009:</subfield>
   <subfield code="y">23</subfield>
  </datafield>
  <datafield tag="852" ind1=" " ind2=" ">
   <subfield code="a">INST</subfield>
   <subfield code="b">UNIPILB</subfield>
   <subfield code="c">SERIALS</subfield>
   <subfield code="e">20100707</subfield>
   <subfield code="h">Αλφαβητική σειρά</subfield>
   <subfield code="p">69465</subfield>
   <subfield code="q">69465</subfield>
   <subfield code="t">NOLOAN</subfield>
   <subfield code="v">(Μήνας)January;(Έτος)2010:</subfield>
   <subfield code="y">23</subfield>
  </datafield>
  <datafield tag="852" ind1=" " ind2=" ">
   <subfield code="a">INST</subfield>
   <subfield code="b">UNIPILB</subfield>
   <subfield code="c">SERIALS</subfield>
   <subfield code="e">20100707</subfield>
   <subfield code="h">Αλφαβητική σειρά</subfield>
   <subfield code="p">69466</subfield>
   <subfield code="q">69466</subfield>
   <subfield code="t">NOLOAN</subfield>
   <subfield code="v">(Μήνας)March;(Έτος)2010:</subfield>
   <subfield code="y">23</subfield>
  </datafield>
  <datafield tag="852" ind1=" " ind2=" ">
   <subfield code="a">INST</subfield>
   <subfield code="b">UNIPILB</subfield>
   <subfield code="c">SERIALS</subfield>
   <subfield code="e">20100907</subfield>
   <subfield code="h">Αλφαβητική σειρά</subfield>
   <subfield code="p">69781</subfield>
   <subfield code="q">69781</subfield>
   <subfield code="t">NOLOAN</subfield>
   <subfield code="v">(Μήνας)May;(Έτος)2010:</subfield>
   <subfield code="y">23</subfield>
  </datafield>
  <datafield tag="852" ind1=" " ind2=" ">
   <subfield code="a">INST</subfield>
   <subfield code="b">UNIPILB</subfield>
   <subfield code="c">SERIALS</subfield>
   <subfield code="e">20101018</subfield>
   <subfield code="h">Αλφαβητική σειρά</subfield>
   <subfield code="p">70156</subfield>
   <subfield code="q">70156</subfield>
   <subfield code="t">NOLOAN</subfield>
   <subfield code="v">(Μήνας)January;(Έτος)2009:</subfield>
   <subfield code="y">23</subfield>
  </datafield>
  <datafield tag="852" ind1=" " ind2=" ">
   <subfield code="a">INST</subfield>
   <subfield code="b">UNIPILB</subfield>
   <subfield code="c">SERIALS</subfield>
   <subfield code="e">20101018</subfield>
   <subfield code="h">Αλφαβητική σειρά</subfield>
   <subfield code="p">70157</subfield>
   <subfield code="q">70157</subfield>
   <subfield code="t">NOLOAN</subfield>
   <subfield code="v">(Μήνες)Jul.-Aug.;(Έτος)2009:</subfield>
   <subfield code="y">23</subfield>
  </datafield>
  <datafield tag="852" ind1=" " ind2=" ">
   <subfield code="a">INST</subfield>
   <subfield code="b">UNIPILB</subfield>
   <subfield code="c">SERIALS</subfield>
   <subfield code="e">20101022</subfield>
   <subfield code="h">Αλφαβητική σειρά</subfield>
   <subfield code="p">70380</subfield>
   <subfield code="q">70380</subfield>
   <subfield code="t">NOLOAN</subfield>
   <subfield code="v">(Μήνες)Jul.-Aug.;(Έτος)2010:</subfield>
   <subfield code="y">23</subfield>
  </datafield>
  <datafield tag="852" ind1=" " ind2=" ">
   <subfield code="a">INST</subfield>
   <subfield code="b">UNIPILB</subfield>
   <subfield code="c">SERIALS</subfield>
   <subfield code="e">20101115</subfield>
   <subfield code="h">Αλφαβητική σειρά</subfield>
   <subfield code="p">70579</subfield>
   <subfield code="q">70579</subfield>
   <subfield code="t">NOLOAN</subfield>
   <subfield code="v">(Μήνας)October;(Έτος)2010:</subfield>
   <subfield code="y">23</subfield>
  </datafield>
  <datafield tag="852" ind1=" " ind2=" ">
   <subfield code="a">INST</subfield>
   <subfield code="b">UNIPILB</subfield>
   <subfield code="c">SERIALS</subfield>
   <subfield code="e">20110722</subfield>
   <subfield code="h">Αλφαβητική σειρά</subfield>
   <subfield code="p">72389</subfield>
   <subfield code="q">72389</subfield>
   <subfield code="t">NOLOAN</subfield>
   <subfield code="v">(Μήνας)January;(Έτος)2011:</subfield>
   <subfield code="y">23</subfield>
  </datafield>
  <datafield tag="852" ind1=" " ind2=" ">
   <subfield code="a">INST</subfield>
   <subfield code="b">UNIPILB</subfield>
   <subfield code="c">SERIALS</subfield>
   <subfield code="e">20110722</subfield>
   <subfield code="h">Αλφαβητική σειρά</subfield>
   <subfield code="p">72390</subfield>
   <subfield code="q">72390</subfield>
   <subfield code="t">NOLOAN</subfield>
   <subfield code="v">(Μήνας)March;(Έτος)2011:</subfield>
   <subfield code="y">23</subfield>
  </datafield>
  <datafield tag="852" ind1=" " ind2=" ">
   <subfield code="a">INST</subfield>
   <subfield code="b">UNIPILB</subfield>
   <subfield code="c">SERIALS</subfield>
   <subfield code="e">20110722</subfield>
   <subfield code="h">Αλφαβητική σειρά</subfield>
   <subfield code="p">72391</subfield>
   <subfield code="q">72391</subfield>
   <subfield code="t">NOLOAN</subfield>
   <subfield code="v">(Μήνας)May;(Έτος)2011:</subfield>
   <subfield code="y">23</subfield>
  </datafield>
  <datafield tag="852" ind1=" " ind2=" ">
   <subfield code="a">INST</subfield>
   <subfield code="b">UNIPILB</subfield>
   <subfield code="c">SERIALS</subfield>
   <subfield code="e">20110830</subfield>
   <subfield code="h">Αλφαβητική σειρά</subfield>
   <subfield code="p">72593</subfield>
   <subfield code="q">72593</subfield>
   <subfield code="t">NOLOAN</subfield>
   <subfield code="v">(Μήνες)Jul.-Aug.;(Έτος)2011:</subfield>
   <subfield code="y">23</subfield>
  </datafield>
  <datafield tag="852" ind1=" " ind2=" ">
   <subfield code="a">INST</subfield>
   <subfield code="b">UNIPILB</subfield>
   <subfield code="c">SERIALS</subfield>
   <subfield code="e">20111124</subfield>
   <subfield code="h">Αλφαβητική σειρά</subfield>
   <subfield code="p">73527</subfield>
   <subfield code="q">73527</subfield>
   <subfield code="t">NOLOAN</subfield>
   <subfield code="v">(Μήνας)October;(Έτος)2011:</subfield>
   <subfield code="y">23</subfield>
  </datafield>
  <datafield tag="852" ind1=" " ind2=" ">
   <subfield code="a">INST</subfield>
   <subfield code="b">UNIPILB</subfield>
   <subfield code="c">SERIALS</subfield>
   <subfield code="e">20120410</subfield>
   <subfield code="h">Αλφαβητική σειρά</subfield>
   <subfield code="p">75206</subfield>
   <subfield code="q">75206</subfield>
   <subfield code="t">NOLOAN</subfield>
   <subfield code="v">(Μήνας)January;(Έτος)2012:</subfield>
   <subfield code="y">23</subfield>
  </datafield>
  <datafield tag="852" ind1=" " ind2=" ">
   <subfield code="a">INST</subfield>
   <subfield code="b">UNIPILB</subfield>
   <subfield code="c">SERIALS</subfield>
   <subfield code="e">20120518</subfield>
   <subfield code="h">Αλφαβητική σειρά</subfield>
   <subfield code="p">75517</subfield>
   <subfield code="q">75517</subfield>
   <subfield code="t">NOLOAN</subfield>
   <subfield code="v">(Μήνας)March;(Έτος)2012:</subfield>
   <subfield code="y">23</subfield>
  </datafield>
  <datafield tag="852" ind1=" " ind2=" ">
   <subfield code="a">INST</subfield>
   <subfield code="b">UNIPILB</subfield>
   <subfield code="c">SERIALS</subfield>
   <subfield code="e">20120730</subfield>
   <subfield code="h">Αλφαβητική σειρά</subfield>
   <subfield code="p">76268</subfield>
   <subfield code="q">76268</subfield>
   <subfield code="t">NOLOAN</subfield>
   <subfield code="v">(Μήνας)May;(Έτος)2012:</subfield>
   <subfield code="y">23</subfield>
  </datafield>
  <datafield tag="852" ind1=" " ind2=" ">
   <subfield code="a">INST</subfield>
   <subfield code="b">UNIPILB</subfield>
   <subfield code="c">SERIALS</subfield>
   <subfield code="e">20120828</subfield>
   <subfield code="h">Αλφαβητική σειρά</subfield>
   <subfield code="p">76305</subfield>
   <subfield code="q">76305</subfield>
   <subfield code="t">NOLOAN</subfield>
   <subfield code="v">(Μήνες)Jul.-Aug.;(Έτος)2012:</subfield>
   <subfield code="y">23</subfield>
  </datafield>
  <datafield tag="852" ind1=" " ind2=" ">
   <subfield code="a">INST</subfield>
   <subfield code="b">UNIPILB</subfield>
   <subfield code="c">SERIALS</subfield>
   <subfield code="e">20121119</subfield>
   <subfield code="h">Αλφαβητική σειρά</subfield>
   <subfield code="p">77134</subfield>
   <subfield code="q">77134</subfield>
   <subfield code="t">NOLOAN</subfield>
   <subfield code="v">(Μήνας)October;(Έτος)2012:</subfield>
   <subfield code="y">23</subfield>
  </datafield>
  <datafield tag="852" ind1=" " ind2=" ">
   <subfield code="a">INST</subfield>
   <subfield code="b">UNIPILB</subfield>
   <subfield code="c">SERIALS</subfield>
   <subfield code="e">20131203</subfield>
   <subfield code="h">Αλφαβητική σειρά</subfield>
   <subfield code="p">81587</subfield>
   <subfield code="q">81587</subfield>
   <subfield code="t">NOLOAN</subfield>
   <subfield code="v">(Μήνας)January;(Έτος)2013:</subfield>
   <subfield code="y">23</subfield>
  </datafield>
  <datafield tag="852" ind1=" " ind2=" ">
   <subfield code="a">INST</subfield>
   <subfield code="b">UNIPILB</subfield>
   <subfield code="c">SERIALS</subfield>
   <subfield code="e">20131203</subfield>
   <subfield code="h">Αλφαβητική σειρά</subfield>
   <subfield code="p">81588</subfield>
   <subfield code="q">81588</subfield>
   <subfield code="t">NOLOAN</subfield>
   <subfield code="v">(Μήνας)March;(Έτος)2013:</subfield>
   <subfield code="y">23</subfield>
  </datafield>
  <datafield tag="852" ind1=" " ind2=" ">
   <subfield code="a">INST</subfield>
   <subfield code="b">UNIPILB</subfield>
   <subfield code="c">SERIALS</subfield>
   <subfield code="e">20131203</subfield>
   <subfield code="h">Αλφαβητική σειρά</subfield>
   <subfield code="p">81589</subfield>
   <subfield code="q">81589</subfield>
   <subfield code="t">NOLOAN</subfield>
   <subfield code="v">(Μήνας)May;(Έτος)2013:</subfield>
   <subfield code="y">23</subfield>
  </datafield>
  <datafield tag="852" ind1=" " ind2=" ">
   <subfield code="a">INST</subfield>
   <subfield code="b">UNIPILB</subfield>
   <subfield code="c">SERIALS</subfield>
   <subfield code="e">20131203</subfield>
   <subfield code="h">Αλφαβητική σειρά</subfield>
   <subfield code="p">81590</subfield>
   <subfield code="q">81590</subfield>
   <subfield code="t">NOLOAN</subfield>
   <subfield code="v">(Μήνες)Jul.-Aug.;(Έτος)2013:</subfield>
   <subfield code="y">23</subfield>
  </datafield>
  <datafield tag="852" ind1=" " ind2=" ">
   <subfield code="a">INST</subfield>
   <subfield code="b">UNIPILB</subfield>
   <subfield code="c">SERIALS</subfield>
   <subfield code="e">20131203</subfield>
   <subfield code="h">Αλφαβητική σειρά</subfield>
   <subfield code="p">81591</subfield>
   <subfield code="q">81591</subfield>
   <subfield code="t">NOLOAN</subfield>
   <subfield code="v">(Μήνας)October;(Έτος)2013:</subfield>
   <subfield code="y">23</subfield>
  </datafield>
  <datafield tag="856" ind1="4" ind2="1">
   <subfield code="u">http://www.rina.org.uk</subfield>
  </datafield>
  <datafield tag="900" ind1=" " ind2=" ">
   <subfield code="a">(January 2014)</subfield>
   <subfield code="b">Οφειλόμενο</subfield>
   <subfield code="c">13/06/2017</subfield>
  </datafield>
  <datafield tag="900" ind1=" " ind2=" ">
   <subfield code="a">(January 2008)</subfield>
   <subfield code="b">Οφειλόμενο</subfield>
   <subfield code="c">19/03/2009</subfield>
  </datafield>
  <datafield tag="900" ind1=" " ind2=" ">
   <subfield code="a">(March 2008)</subfield>
   <subfield code="b">Οφειλόμενο</subfield>
   <subfield code="c">01/11/2009</subfield>
  </datafield>
  <datafield tag="900" ind1=" " ind2=" ">
   <subfield code="a">(May 2008)</subfield>
   <subfield code="b">Οφειλόμενο</subfield>
   <subfield code="c">01/11/2009</subfield>
  </datafield>
  <datafield tag="900" ind1=" " ind2=" ">
   <subfield code="a">(Jul.-Aug. 2008)</subfield>
   <subfield code="b">Οφειλόμενο</subfield>
   <subfield code="c">01/11/2009</subfield>
  </datafield>
  <datafield tag="900" ind1=" " ind2=" ">
   <subfield code="a">(October 2008)</subfield>
   <subfield code="b">Οφειλόμενο</subfield>
   <subfield code="c">09/11/2009</subfield>
  </datafield>
  <datafield tag="900" ind1=" " ind2=" ">
   <subfield code="a">(May 2009)</subfield>
   <subfield code="b">Οφειλόμενο</subfield>
   <subfield code="c">08/06/2010</subfield>
  </datafield>
  <datafield tag="900" ind1=" " ind2=" ">
   <subfield code="a">(October 2009)</subfield>
   <subfield code="b">Οφειλόμενο</subfield>
   <subfield code="c">02/11/2010</subfield>
  </datafield>
  <datafield tag="950" ind1=" " ind2=" ">
   <subfield code="a">01/01/2003</subfield>
   <subfield code="c">ANACO Κ. ΑΝΑΓΝΩΣΤΟΥ Ε.Π.Ε., ΜΗΧΑΝΗΜΑΤΑ ΚΑΙ ΣΥΣΤΗΜΑΤΑ ΟΡΓΑΝΩΣΗΣ ΓΡΑΦΕΙΟΥ</subfield>
   <subfield code="d">156</subfield>
  </datafield>
  <datafield tag="951" ind1=" " ind2=" ">
   <subfield code="a">(October 2013)</subfield>
   <subfield code="b">Main run</subfield>
  </datafield>
  <datafield tag="951" ind1=" " ind2=" ">
   <subfield code="a">(January 2003) - (May 2004)</subfield>
   <subfield code="b">Main run</subfield>
  </datafield>
  <datafield tag="951" ind1=" " ind2=" ">
   <subfield code="a">(Jul.-Aug. 2004)</subfield>
   <subfield code="b">Main run</subfield>
  </datafield>
  <datafield tag="951" ind1=" " ind2=" ">
   <subfield code="a">(October 2004) - (May 2005)</subfield>
   <subfield code="b">Main run</subfield>
  </datafield>
  <datafield tag="951" ind1=" " ind2=" ">
   <subfield code="a">(Jul.-Aug. 2005)</subfield>
   <subfield code="b">Main run</subfield>
  </datafield>
  <datafield tag="951" ind1=" " ind2=" ">
   <subfield code="a">(October 2005) - (May 2006)</subfield>
   <subfield code="b">Main run</subfield>
  </datafield>
  <datafield tag="951" ind1=" " ind2=" ">
   <subfield code="a">(Jul.-Aug. 2006)</subfield>
   <subfield code="b">Main run</subfield>
  </datafield>
  <datafield tag="951" ind1=" " ind2=" ">
   <subfield code="a">(October 2006) - (May 2007)</subfield>
   <subfield code="b">Main run</subfield>
  </datafield>
  <datafield tag="951" ind1=" " ind2=" ">
   <subfield code="a">(Jul.-Aug. 2007)</subfield>
   <subfield code="b">Main run</subfield>
  </datafield>
  <datafield tag="951" ind1=" " ind2=" ">
   <subfield code="a">(October 2007)</subfield>
   <subfield code="b">Main run</subfield>
  </datafield>
  <datafield tag="951" ind1=" " ind2=" ">
   <subfield code="a">(January 2009) - (March 2009)</subfield>
   <subfield code="b">Main run</subfield>
  </datafield>
  <datafield tag="951" ind1=" " ind2=" ">
   <subfield code="a">(Jul.-Aug. 2009)</subfield>
   <subfield code="b">Main run</subfield>
  </datafield>
  <datafield tag="951" ind1=" " ind2=" ">
   <subfield code="a">(January 2010) - (May 2010)</subfield>
   <subfield code="b">Main run</subfield>
  </datafield>
  <datafield tag="951" ind1=" " ind2=" ">
   <subfield code="a">(Jul.-Aug. 2010)</subfield>
   <subfield code="b">Main run</subfield>
  </datafield>
  <datafield tag="951" ind1=" " ind2=" ">
   <subfield code="a">(October 2010) - (May 2011)</subfield>
   <subfield code="b">Main run</subfield>
  </datafield>
  <datafield tag="951" ind1=" " ind2=" ">
   <subfield code="a">(Jul.-Aug. 2011)</subfield>
   <subfield code="b">Main run</subfield>
  </datafield>
  <datafield tag="951" ind1=" " ind2=" ">
   <subfield code="a">(October 2011) - (May 2012)</subfield>
   <subfield code="b">Main run</subfield>
  </datafield>
  <datafield tag="951" ind1=" " ind2=" ">
   <subfield code="a">(Jul.-Aug. 2012)</subfield>
   <subfield code="b">Main run</subfield>
  </datafield>
  <datafield tag="951" ind1=" " ind2=" ">
   <subfield code="a">(October 2012) - (May 2013)</subfield>
   <subfield code="b">Main run</subfield>
  </datafield>
  <datafield tag="951" ind1=" " ind2=" ">
   <subfield code="a">(Jul.-Aug. 2013)</subfield>
   <subfield code="b">Main run</subfield>
  </datafield>
 </record>
</collection>
